Nhiệt và khí hậu kiến trúc

Tài liệu trình bày về khí hậu bên ngoài nhà và đặc điểm khí hậu các vùng của Việt Nam, ví khí hậu và con người, truyền nhiệt ổn định và thiết kế cách nhiệt chống rét trong mùa lạnh ...

Đã lưu trong:
书目详细资料
主要作者: Phạm Ngọc Đăng
其他作者: Phạm Hải Hà
格式: 图书
语言:Vietnamese
出版: H. Xây dựng 2014
版:Tái bản
主题:
标签: 添加标签
没有标签, 成为第一个标记此记录!
Thư viện lưu trữ: Thư viện Trường Đại học Nam Cần Thơ
LEADER 01509aam a22002538a 4500
001 NCT_26165
008 090916s2009 ||||||viesd
999 |c 1253  |d 1253 
020 |c 115000 
082 0 4 |2 23rd ed.  |a 720.47  |b Đ116 
100 1 |a Phạm Ngọc Đăng 
245 1 0 |a Nhiệt và khí hậu kiến trúc  |c Phạm Ngọc Đăng, Phạm Hải Hà 
250 |a Tái bản 
260 |a H.  |b Xây dựng  |c 2014 
300 |a 328 tr.  |b hình vẽ, bảng  |c 24cm 
520 3 |a Tài liệu trình bày về khí hậu bên ngoài nhà và đặc điểm khí hậu các vùng của Việt Nam, ví khí hậu và con người, truyền nhiệt ổn định và thiết kế cách nhiệt chống rét trong mùa lạnh ... 
653 |a Kiến trúc 
700 1 |a Phạm Hải Hà 
942 |2 ddc  |c BK 
952 |0 0  |1 0  |2 ddc  |4 0  |6 720_470000000000000_Đ116  |7 0  |9 9433  |a 000001  |b 000001  |d 2018-06-02  |o 720.47 Đ116  |p MD.08771  |r 2018-06-02  |w 2018-06-02  |y BK 
952 |0 0  |1 0  |2 ddc  |4 0  |6 720_470000000000000_Đ116  |7 0  |9 9434  |a 000001  |b 000001  |d 2018-06-02  |o 720.47 Đ116  |p MD.08772  |r 2018-06-02  |w 2018-06-02  |y BK 
952 |0 0  |1 0  |2 ddc  |4 0  |6 720_470000000000000_Đ116  |7 0  |9 9435  |a 000001  |b 000001  |d 2018-06-02  |o 720.47 Đ116  |p MD.08773  |r 2018-06-02  |w 2018-06-02  |y BK 
952 |0 0  |1 0  |2 ddc  |4 0  |6 720_470000000000000_Đ116  |7 0  |9 9436  |a 000001  |b 000001  |d 2018-06-02  |o 720.47 Đ116  |p MD.08774  |r 2018-06-02  |w 2018-06-02  |y BK 
980 |a Thư viện Trường Đại học Nam Cần Thơ